000 00261nam a2200121Ia 4500
008 190216s9999||||xx |||||||||||||| ||und||
100 _aKotpal R L
245 0 _aHelminthes
260 _bRasthogi Pub
_c1981
300 _a271p
650 _aZoology
942 _cBK
999 _c37402
_d37402